Państwa produkujące najwięcej jaj - Statystyki

Ogólne statystyki
  • Ten quiz został rozwiązany 123 razy
  • Średni wynik to 20 z 25
Statystyki odpowiedzi
Mln t Państwa % Poprawnych
35,63 Chiny
98%
6,53 Stany Zjednoczone
98%
0,98 Niemcy
97%
2,62 Rosja
95%
3,45 Brazylia
94%
7,85 Indie
92%
0,64 Kanada
92%
3,17 Meksyk
88%
0,98 Argentyna
87%
2,44 Japonia
84%
0,88 Hiszpania
83%
6,89 Indonezja
83%
0,66 Ukraina
83%
0,80 Włochy
79%
1,14 Pakistan
78%
0,74 Wielka Brytania
78%
1,01 Kolumbia
75%
1,29 Turcja
72%
0,78 Iran
70%
1,12 Tajlandia
65%
0,81 Korea Południowa
63%
1,00 Malezja
59%
0,67 Nigeria
57%
0,79 Filipiny
52%
0,78 Bangladesz
47%
Nie znaleziono quizów pasujących do podanych kryteriów
Rozkład punktacji
Procent ludzi z każdym wynikiem
Percentyl według liczby udzielonych odpowiedzi
Twoja historia wyników
Nie rozwiązałeś tego quizu